Jujutsu Kaisen Quiz - Statistics

General Stats
  • This quiz has been taken 2,006 times
  • The average score is 16 of 25
Answer Stats
Hint Answer % Correct
Any of the resurrected sorcerers in the culling game (Sukuna does not count) Reggie Star | Ishigoori Ryu | Uro Takako | Dhruv | Kashimo Hajime | Kurusu Hana
100%
"The Strongest" (self-proclaimed) Gojo Satoru
97%
Current 10 shadows user Fushiguro Megumi
95%
"King of Curses" Sukuna
94%
Deceased friend of the above Haibara Yu
91%
Panda Panda
89%
Niece of the above, has no cursed energy Maki
88%
Yuji's brother (self-proclaimed) Choso | Todo Aoi
87%
Uses nails, as her name suggests Kugisaki Nobara
86%
Also has no cursed energy, left the Zen'in family with his son Fushiguro Toji
85%
"7:3 sorceror" Nanami Kento
80%
The "Tiger of West Jr. High" Itadori Yuji
74%
Copycat jujutsu sorceror Okkotsu Yuta
74%
"Queen of Curses" (According to Geto) Orimoto Rika
67%
Strongest of the 10 Shadows shikigami Divine General Mahoraga
58%
Woman who can use reverse techniques on others Ieri Shoko
58%
Started a fight club after being suspended Hakari Kinji
55%
Immortality cursed technique user Tengen
48%
Creator of the above Yaga Masamichi
43%
Is a lawyer, not a judge Higuruma Hiromi
40%
27th head of the Zen'in family Naobito
40%
35-year-old failed comedian Takaba Fumihiko
34%
The "Evilest sorcerer in history" Kamo Noritoshi
29%
Object that can open the prison realm Inverted Spear | Black Rope
16%
Zen'in family's squad of cursed technique users Hei
12%
No matching quizzes found
Score Distribution
Percent of People with Each Score
Percentile by Number Answered
Your Score History
You have not taken this quiz